Operations research / (Record no. 95068)

MARC details
000 -LEADER
fixed length control field 00543nam a22001937a 4500
005 - DATE AND TIME OF LATEST TRANSACTION
control field 20150826105725.0
010 ## - LCCN (DPL NO)
LC control number ENG-113544
020 ## - INTERNATIONAL STANDARD BOOK NUMBER
Terms of availability 625.00
International Standard Book Number 9351610497
020 ## - INTERNATIONAL STANDARD BOOK NUMBER
Terms of availability 625.00
International Standard Book Number 9789351610496
035 ## - SYSTEM CONTROL NUMBER
System control number EN- 97076
037 ## - SOURCE OF ACQUISITION
Source of stock number/acquisition DBAD/PUB
082 ## - DEWEY DECIMAL CLASSIFICATION NUMBER
Classification number 003
245 ## - TITLE STATEMENT
Title Operations research /
Statement of responsibility, etc by Kanti Swarup...[et al]
260 ## - PUBLICATION, DISTRIBUTION, ETC. (IMPRINT)
Place of publication, distribution, etc New Delhi
Name of publisher, distributor, etc Sultan Chand
Date of publication, distribution, etc 2015
270 ## - ADDRESS
Address 23, Daryaganj,
City New Delhi
Postal code 110002
300 ## - PHYSICAL DESCRIPTION
Extent xvii,1074p.
Dimensions 25cm(pbk)
700 ## - ADDED ENTRY--PERSONAL NAME
Personal name Kanti Swarup
942 ## - ADDED ENTRY ELEMENTS (KOHA)
Source of classification or shelving scheme Dewey Decimal Classification
Item type English Books
Call number suffix OPE
Classification part 003
Holdings
Withdrawn status Lost status Not for loan Collection code Home library Current library Date acquired Source of acquisition Cost, normal purchase price Full call number Barcode Copy number Cost, replacement price Koha item type
    Not For Loan Non-fiction D.B.Act.Division D.B.Act.Division 20/07/2015 DBAD/PUB 625.00 003 OPE EN-97076 1 625.00 English Books

© Delhi Public Library
Hit Counter
free hit counter